000 00407nam a2200181Ia 4500
005 20240823031149.0
008 240823s9999||||xx |||||||||||||| ||und||
041 _aENGLISH
082 _A621.3815
100 _aElector India
245 0 _a301 Circuits
250 _a1st
260 _b"Elector,B"
500 _aYES
650 _aElectronic Circuits
_bInstrumentation
942 _cBK
999 _c190417
_d190417